Loading...
| Fine Arts - Painting and Sculpture | 0 | 6 | 0 | 0 | 60 | 61 | 79.00 | 4 | 6 | 0.00 | 0.00 |
| Literature - British | 0 | 4 | 0 | 0 | 40 | 58 | 113.75 | 1 | 4 | 0.00 | 0.00 |
| Social Science | 0 | 4 | 0 | 1 | 40 | 48 | 85.75 | 1 | 3 | 0.00 | 0.00 |
| Fine Arts - Other | 0 | 4 | 1 | 1 | 35 | 73 | 108.75 | 0 | 1 | 0.00 | 0.00 |
| Literature - American | 0 | 3 | 0 | 0 | 30 | 89 | 108.67 | 0 | 1 | 0.00 | 0.00 |
| Literature - World | 0 | 3 | 0 | 1 | 30 | 100 | 121.00 | 0 | 2 | 0.00 | 0.00 |
| Science - Physics | 0 | 3 | 1 | 0 | 25 | 70 | 76.67 | 2 | 3 | 0.00 | 0.00 |
| Philosophy | 0 | 2 | 0 | 0 | 20 | 73 | 77.00 | 1 | 2 | 0.00 | 0.00 |
| Science - Other | 0 | 2 | 0 | 0 | 20 | 34 | 46.50 | 2 | 2 | 0.00 | 0.00 |
| Science - Chemistry | 0 | 2 | 1 | 0 | 15 | 27 | 62.00 | 1 | 2 | 0.00 | 0.00 |
| Mythology | 0 | 1 | 0 | 1 | 10 | 123 | 123.00 | 0 | 1 | 0.00 | 0.00 |
| Literature - European | 0 | 1 | 1 | 0 | 5 | 150 | 150.00 | 0 | 1 | 0.00 | 0.00 |
| History - World | 0 | 0 | 0 | 0 | 0 | 0.00 | 0 | 0 | 0.00 | 0.00 |